00617nam a2200193Ia 4500008004100000020001800041082001500059100002100074245004100095250000800136260004500144300002900189500001900218600001500237650001500252942000700267952013200274999001700406240925s9999 xx 000 0 und d a9788120340749 a658.15 BOS aBose, D. Chandra 0aFundamentals of Financial Management a2nd aNew Delhi:bPHI learning Pvt Ltdc,2010. axxiii,669p.b0fOriginal aIncludes Index aManagement aManagement cBK 001040708MANaUITUbUITUd2018-12-17eCitizen Book Shopg1295.00l0o658.15 BOSpQ12160r2024-09-25 07:16:21w2024-09-25yBK c14659d14659